000 00447cam a22001337a 4500
008 180718b1985 xxu||||| |||| 00| 0 eng d
082 _aA32 SAN/B859
100 _aEdgerton, Franklin
245 _aBuddhist hybrid Sanskrit grammer and dictionary
_cby Franklin Edgerton
260 _aDelhi
_bMotilal Banarsidass
_c1985
300 _a2v.
500 _aContents; v.1. Grammar, 239p.; v.2. Dictionary, 627p.
650 _aSanskrit language - Dictionaries
999 _c343066
_d343066